00447nam a2200121Ia 4500008004100000245013400041260004500175260000900220300000800229500001300237650001300250856006200263170516s9999 xx 000 0 und d aDevelopment of tacrolimus-loaded transfersomes for deeper skin penetration enhancement and therapeutic effect improvement in vivo bAsian Journal of Pharmaceutical Sciences c2013 a8:6 aDecember xPharmacy uhttp://www.sciencedirect.com/science/journal/18180876/8/6